Lecciones de gramática general : escritas para los alumnos del Liceo de Varones del Estado de Jalisco /

Gespeichert in:
Bibliographische Detailangaben
1. Verfasser: Gómez, Tomás V. (autor)
Format: Buch
Sprache:Spanisch
Veröffentlicht: Guadalajara, México : Imprenta del Diario de Jalisco, 1888, c1888
Tags: Tag hinzufügen
Keine Tags, Fügen Sie das erste Tag hinzu!

MARC

LEADER 00000nam^a2200000^a^4500
001 000616118
005 20250613000000.0
009 20260310133714.472
025 |a Donación Robles Martínez, 1 ejemplar 
037 |a Acervo ITESO - Biblioteca 
041 |a ESP 
091 |a FRM. 00603 
100 |a Gómez, Tomás V.  |e (autor) 
245 1 0 |a Lecciones de gramática general :  |b escritas para los alumnos del Liceo de Varones del Estado de Jalisco / 
264 4 |a Guadalajara, México :  |b Imprenta del Diario de Jalisco,  |c 1888, c1888 
300 |a 202 p. ;  |c 15.5 cm. 
336 |a texto  |b txt  |2 rdacontenido 
337 |a sin mediación  |b n  |2 rdamedio 
338 |a volumen  |b nc  |2 rdasoporte 
649 |a XX 
910 |a Fondo Robles Martínez 
920 |a Impresos - Libros 
930 |a Libros Antiguos y Raros 
905 |a 108 
901 |a 616176-10  |b IT2  |c LRA  |u 20250613 
902 |a https://opac.biblio.iteso.mx/vufind/Record/000616118